| 000 | 00572nam a22001937a 4500 | ||
|---|---|---|---|
| 003 | BUBTL | ||
| 008 | 170521b xxu||||| |||| 00| 0 eng d | ||
| 020 | _a0-07-045414-0 | ||
| 082 | _a620.100321ATD | ||
| 100 |
_91585 _aAtkins,Tony |
||
| 245 |
_aA Dictionary of Mechanical Engineering : _cTony Atkins,Marcel Escudier |
||
| 260 |
_aSingapore : _bMcGraw-Hill, _cc1986. |
||
| 300 |
_a382 p. : _c21 cm. |
||
| 650 | 0 |
_9909 _aTextile Engineering |
|
| 700 |
_91586 _a Escudier,Marcel |
||
| 856 |
_k0 _l0 _yDownload |
||
| 942 |
_2ddc _cBK |
||
| 999 |
_c5452 _d5452 |
||